Manual de reparación de camiones para trabajo pesado

محفوظ في:
التفاصيل البيبلوغرافية
المؤلف الرئيسي: Brady, Robert N (مؤلف)
التنسيق: كتاب
اللغة:الإسبانية
منشور في: Ciudad de México Prentice Hall 1999
الموضوعات:
الوسوم: إضافة وسم
لا توجد وسوم, كن أول من يضع وسما على هذه التسجيلة!

MARC

LEADER 00000nam a2200000 a 4500
001 UCM2982
003 CL-VaPUC
008 020621e19990000MX |||||||||||||||||spa|d
082 0 4 |a 629.224  |b BRA  |2 21 
100 0 |a Brady, Robert N  |e author  |9 469787 
245 1 0 |a Manual de reparación de camiones para trabajo pesado 
300 |a 2 v 
942 |c BK 
945 |d 20020621 00:00:00  |a cmena 
260 |a Ciudad de México  |b Prentice Hall  |c 1999 
650 7 |a CAMIONES  |2 CL-VaPUC  |9 469788 
650 7 |a MANTENIMIENTO Y REPARACION  |2 CL-VaPUC  |9 260850 
650 7 |a MAQUINARIA PESADA  |2 CL-VaPUC  |9 468716 
650 7 |a MECANICA AUTOMOTRIZ  |2 CL-VaPUC  |9 428677 
583 |a last modification  |c 20020621 00:00:00  |k Rodrigo Vera 
999 |c 300591  |d 300589 
952 |0 0  |1 0  |4 0  |6 629_224000000000000_BRA_1999  |7 0  |8 A  |9 358538  |a BIBMEC  |b BIBMEC  |d 2019-11-21  |h v.1  |i 3821161  |o 629.224 BRA 1999  |p 3821161  |r 2024-01-19  |w 2019-11-21  |y BK  |k MEC 
952 |0 0  |1 0  |4 0  |6 629_224000000000000_BRA_1999  |7 0  |8 A  |9 358539  |a BIBMEC  |b BIBMEC  |d 2019-11-21  |h v.2  |i 382117K  |o 629.224 BRA 1999  |p 382117K  |r 2024-01-19  |w 2019-11-21  |y BK  |k MEC